Alien - Filmreihe - Statistiken

Allgemein
  • Dieses Quiz wurde 15 mal gespielt
  • Das Durchschnittsergebnis liegt bei 7 aus 9
Antwortstatistiken
Jahr Titel % Korrekt
1979 Alien – Das unheimliche Wesen aus einer fremden Welt
100%
2004 Alien vs. Predator
92%
2007 Alien vs. Predator 2
92%
2012 Prometheus – Dunkle Zeichen
92%
1992 Alien 3
85%
2024 Alien: Romulus
85%
1997 Alien – Die Wiedergeburt
77%
2017 Alien: Covenant
62%
1986 Aliens – Die Rückkehr
62%
Keine übereinstimmenden Quizze gefunden
Verteilung der Resultate
Anzahl Personen mit jedem Resultat
Perzentil nach korrekt beantworteten Fragen
Ihre Resultats-Entwicklung
Sie haben dieses Quiz noch nicht gespielt